000 00536nam a2200217Ia 4500
003 OSt
005 20230509133907.0
008 210423s2009 xx 000 0 und d
020 _a9788120417328
040 _cAL
041 _aeng
082 _a660.60581
_223
_bCHAH
100 _aCHAWLA (H S).
_9100792
245 _aIntroduction to plant biotechnology .
250 _a3
260 _aNew Delhi
_bOxford University Press
_c2009
300 _axxiv,538
_bPB
365 _b275
_cINR
906 _abiotechnology
942 _2ddc
_cBK
999 _c164021
_d164021